|
|
|
|
| LEADER |
00935nam a2200241 a 4500 |
| 001 |
2402962 |
| 008 |
100412s1985 bg b 000 0 eng d |
| 010 |
|
|
|a 85904711
|
| 040 |
|
|
|a DLC
|c DLC
|d DLC
|d BD-DhAAL
|
| 082 |
0 |
0 |
|a 307.1/4/095492
|2 19
|
| 100 |
1 |
|
|a Huq, M. Nurul.
|
| 245 |
1 |
4 |
|a The poor in development :
|b a study on Bangladesh /
|c M. Nurul Haq.
|
| 260 |
|
|
|a Bogra, Bangladesh :
|b Rural Development Academy,
|c 1985.
|
| 300 |
|
|
|a 232 p. ;
|c 23 cm.
|
| 504 |
|
|
|a Includes Bibliography (p. 229-232.)
|
| 541 |
1 |
|
|e 00002316
|
| 650 |
|
0 |
|a Rural development
|z Bangladesh.
|
| 650 |
|
0 |
|a Rural poor
|z Bangladesh.
|
| 650 |
|
0 |
|a Cooperative societies
|z Bangladesh.
|
| 651 |
|
0 |
|a Bangladesh
|x Economic conditions.
|
| 852 |
4 |
|
|a Ayesha Abed Library
|j General shelf
|
| 999 |
|
|
|c 8058
|d 8058
|
| 952 |
|
|
|0 0
|1 0
|2 ddc
|4 0
|6 307_140954920000000_HUQ_1985
|7 0
|9 9162
|a BRACUL
|b BRACUL
|c GEN
|d 2010-04-12
|g 65.00
|l 0
|o 307.14095492 HUQ
|p 3010002316
|r 2010-04-12
|t 1
|w 2010-04-12
|y BK
|